000
00317nam a22001457a 4500
020
_a
1-4051-1055-4
041
_a
ENG
100
_a
Emmitt.S
245
_a
Barry's Introduction To Construction Of Bulidings
260
_a
Delhi
_b
Blackwell
_c
2005
300
_a
715
650
_a
FS
700
_a
Gorse.C
856
_u
FS
999
_c
851
_d
851